Daňová správa na Slovensku
Príčiny nízkej úrovne a výkonnosti daňovej správy a tým aj neúmerne nízky výber daňového inkasa v SR. Revízie daňového konania neumožňuje zákon č.511/1992 Zb. o správe daní v znení neskorších predpisov. Personálny stav daňovej správy. Kompetenčný dosah daňových orgánov v systéme fiškálnych inštitúci...
Salvato in:
| Autore principale: | |
|---|---|
| Natura: | Capitolo di libro |
| Lingua: | slovacco |
| Soggetti: | |
| Tags: |
Nessun Tag, puoi essere il primo ad aggiungerne!!
|
MARC
| LEADER | 00000naa a2200000 4500 | ||
|---|---|---|---|
| 001 | r017059 | ||
| 005 | 20221205102913.0 | ||
| 041 | 0 | |a slo | |
| 044 | |a SK | ||
| 245 | 1 | 0 | |a Daňová správa na Slovensku |c P. Švec |
| 520 | |a Príčiny nízkej úrovne a výkonnosti daňovej správy a tým aj neúmerne nízky výber daňového inkasa v SR. Revízie daňového konania neumožňuje zákon č.511/1992 Zb. o správe daní v znení neskorších predpisov. Personálny stav daňovej správy. Kompetenčný dosah daňových orgánov v systéme fiškálnych inštitúcií, napr. správ finančnej kontroly. Projekt rekonštrukcie daňovej správy. Reforma jej financovania, štruktúry daňových orgánov, kompetenčná reforma. - Stanovisko MF SR a Ústredného daňového riaditeľstva SR v Banskej Bystrici k autorovým návrhom. | ||
| 610 | 2 | 0 | |a dane |
| 610 | 2 | 0 | |a úrady daňové |
| 610 | 2 | 0 | |a Slovensko |
| 610 | 2 | 0 | |a kontrola finančná |
| 610 | 2 | 0 | |a ústavy finančné |
| 610 | 2 | 0 | |a konanie daňové |
| 100 | 1 | |a Švec, P. | |